| 000 | 00411cam a2200157ua 4500 | ||
|---|---|---|---|
| 003 | OSt | ||
| 008 | 250222b |||||||| |||| 00| 0 eng d | ||
| 041 | _aeng | ||
| 082 |
_a030.79603 _bASH/IN |
||
| 100 |
_aAshokkumar, . _97223 |
||
| 245 | _aInter National encylopedia of sports and games, Vol2 / | ||
| 250 | _a1st | ||
| 260 |
_aNew Delhi : _bMittal Publications , _c2000. |
||
| 300 | _a492 ; . | ||
| 942 | _cREF | ||
| 999 |
_c12200 _d12200 |
||